Test de autoconcepto académico: estandarización para escolares de 1ero. a 4to. año de enseñanza básica
Guardat en:
| Autors principals: | , , |
|---|---|
| Format: | Llibre |
| Idioma: | espanyol |
| Publicat: |
Santiago
Universidad Católica de Chile
1990
|
| Edició: | 1a. ed |
| Col·lecció: | Colección Aprendizaje
|
| Matèries: | |
| Etiquetes: |
Afegir etiqueta
Sense etiquetes, Sigues el primer a etiquetar aquest registre!
|
MARC
| LEADER | 00000nam a2200000 a 4500 | ||
|---|---|---|---|
| 001 | UCW6142 | ||
| 003 | CL-VaPUC | ||
| 008 | 911017e19900000CL |||||||||||||||||spa|d | ||
| 020 | |a 9561402504 | ||
| 082 | 0 | 4 | |a 370.15 |b ARA |2 21 |
| 100 | 0 | |a Arancibia C., Violeta |e author |9 311134 | |
| 700 | 0 | |a Maltés Geraldo, Sergio |e author |9 311135 | |
| 700 | 0 | |a Alvarez Harnecker, María Inés |e author |9 311136 | |
| 245 | 1 | 0 | |a Test de autoconcepto académico: estandarización para escolares de 1ero. a 4to. año de enseñanza básica |
| 250 | |a 1a. ed | ||
| 300 | |a 129 p | ||
| 942 | |c BK | ||
| 945 | |d 19911017 00:00:00 | ||
| 260 | |a Santiago |b Universidad Católica de Chile |c 1990 | ||
| 650 | 0 | |a Autoconcepto infantil |9 311137 | |
| 583 | |a last modification |c 19911017 00:00:00 |k Rodrigo Vera | ||
| 490 | 0 | |a Colección Aprendizaje | |
| 999 | |c 219302 |d 219300 | ||
| 952 | |0 0 |1 0 |4 0 |6 370_150000000000000_ARA_1990 |7 0 |8 A |9 210052 |a BIBEDU |b BIBEDU |d 2019-11-15 |i 278145K |o 370.15 ARA 1990 |p 278145K |r 2019-11-15 |w 2019-11-15 |y BK |k EDU | ||
| 952 | |0 0 |1 0 |4 0 |6 370_150000000000000_ARA_1990 |7 0 |8 A |9 210053 |a BIBEDU |b BIBEDU |d 2019-11-15 |i 2781468 |o 370.15 ARA 1990 |p 2781468 |r 2019-11-15 |w 2019-11-15 |y BK |k EDU | ||
| 952 | |0 0 |1 0 |4 0 |6 370_150000000000000_ARA_1990 |7 0 |8 A |9 210054 |a FDOPOS |b FDOPOS |d 2019-11-15 |i 2781476 |o 370.15 ARA 1990 |p 2781476 |r 2023-08-09 |w 2019-11-15 |y BK |k MLA | ||
| 952 | |0 0 |1 0 |4 0 |6 370_150000000000000_ARA_1990 |7 0 |8 A |9 210055 |a BIBEDU |b BIBEDU |d 2019-11-15 |i 4678877 |o 370.15 ARA 1990 |p 4678877 |r 2019-11-15 |w 2019-11-15 |y BK |k EPE | ||